000 00497nam a22001577a 4500
005 20251108164646.0
008 250721s1998 xx 000 0 ara d
082 1 4 _a132/عبد
100 1 _aإبراهيم، عبد الستار
245 1 0 _aالإكتئاب إضطراب العصر الحديث فهمه و أساليب علاجه /
264 1 _aالكويت :
_bعالم المعرفة،
_c1998.
300 _a415ص
650 1 7 _aالطب النفسي
942 _2ddc
_cBK
999 _c11128
_d11128